Quick Pick: Rugby Terms Quiz Stats

Quiz Updated Sep 11, 2017

Challenge
Share
Tweet
Embed
Score 0/10 Timer 01:30
0 Plays Today
% Correct
Conversion
80.8%
Sin Bin
80.1%
Openside
76.5%
Offload
75.8%
Test
74.3%
Line-Out
73.9%
Fly Half
70.7%
Wheeling
70.1%
Maul
60.1%
Ruck
58.2%

Today's Daily Dose

You're not logged in!

Compare scores with friends on all Sporcle quizzes.
Sign Up with Email
OR
Log In

You Might Also Like...

Show Comments

Extras

Top Quizzes Today


Score Distribution

Your Account Isn't Verified!

In order to create a playlist on Sporcle, you need to verify the email address you used during registration. Go to your Sporcle Settings to finish the process.